سکندر نامه برى] / Sikandarʻnāmah-i barrī, / (Record no. 82925)
[ view plain ]
| 000 -LEADER | |
|---|---|
| fixed length control field | 00836nam a22002057a 4500 |
| 001 - CONTROL NUMBER | |
| control field | 82925 |
| 003 - CONTROL NUMBER IDENTIFIER | |
| rucl marc code | BD-RjUL |
| 005 - DATE AND TIME OF LATEST TRANSACTION | |
| control field | 20240204093353.0 |
| 008 - FIXED-LENGTH DATA ELEMENTS--GENERAL INFORMATION | |
| fixed length control field | 240204s1923 ii ||||| |||| 00| 0 per d |
| 035 ## - SYSTEM CONTROL NUMBER | |
| System control number | (BD-RjUL)82925 |
| 040 ## - CATALOGING SOURCE | |
| Original cataloging agency | BD-RjUL |
| Language of cataloging | eng |
| Transcribing agency | BD-RjUL |
| 041 ## - LANGUAGE CODE | |
| Language code of text/sound track or separate title | per |
| 082 ## - DEWEY DECIMAL CLASSIFICATION NUMBER | |
| Edition number | 23 |
| Classification number | 891.551 |
| Author mark and year | GAS 1923 |
| 100 ## - MAIN ENTRY--PERSONAL NAME | |
| Personal name | گنجوي, محمد بخش ابن محمد عظيم نظامي ;; Ganjavi, Muhammad Bakhsh Ibn Muhammad Azim Nizami |
| Dates associated with a name | [1256 ه؟, 1840 |
| 9 (RLIN) | 11392 |
| 245 ## - TITLE STATEMENT | |
| Title | سکندر نامه برى] / Sikandarʻnāmah-i barrī, / |
| Statement of responsibility, etc. | Muhammad Bakhsh Ibn Muhammad Azim Nizami Ganjavi ;; محمد بخش ابن محمد عظيم نظامي گنجوي |
| 260 ## - PUBLICATION, DISTRIBUTION, ETC. (IMPRINT) | |
| Place of publication, distribution, etc. | Lakhnuw : |
| Name of publisher, distributor, etc. | Dar Matbaa Munsi, |
| Date of publication, distribution, etc. | 1923 |
| 300 ## - PHYSICAL DESCRIPTION | |
| Pagination | 546 p. ; |
| Size | 27 cm |
| 650 ## - SUBJECT ADDED ENTRY--TOPICAL TERM | |
| Topical term or geographic name as entry element | Persian Language شعر فارسي |
| Form subdivision | Poetry |
| 9 (RLIN) | 11393 |
| 942 ## - ADDED ENTRY ELEMENTS (KOHA) | |
| Source of classification or shelving scheme | Dewey Decimal Classification |
| Koha item type | Books |
| Lost status | Source of classification or shelving scheme | Damaged status | Not for loan | Collection code | Permanent Location | Current Location | Shelving location | Date acquired | Total Checkouts | Full call number | Date last seen | Copy number | Koha item type |
|---|---|---|---|---|---|---|---|---|---|---|---|---|---|
| Dewey Decimal Classification | Not For Loan | Non-fiction | Central Library, University of Rajshahi | Central Library, University of Rajshahi | Reading Room | 04/02/2024 | F 891.551 GAS 1923 | 04/02/2024 | C-1 | Books |